Особенности правового регулирования и реализации арендных отношений с участием учреждений и органов УИС Учебное пособие
В пособии рассмотрены основные проблемы правового регулирования арендных отношений с участием учреждений и органов УИС раскрыты особенности заключения договора аренды для нужд УИС и проанализировано применение судебной практики при реализации арендных отношений для нужд УИС. Материал изложен с учето...
Guardat en:
| Autor principal: | |
|---|---|
| Format: | Учебное пособие |
| Edició: | 1 |
| Accés en línia: | https://znanium.ru/catalog/document?id=459820 https://znanium.ru/cover/2192/2192287.jpg |
| Etiquetes: |
Afegir etiqueta
Sense etiquetes, Sigues el primer a etiquetar aquest registre!
|
| LEADER | 02670nam0a2200277 i 4500 | ||
|---|---|---|---|
| 001 | RU\infra-m\znanium\bibl\2192287 | ||
| 003 | https://znanium.ru/catalog/document?id=459820 | ||
| 005 | 20250121000000.0 | ||
| 100 | |a 20250121d2025 m y0rusy0150 ca | ||
| 101 | 0 | |a rus | |
| 102 | |a RU | ||
| 200 | 1 | |a Особенности правового регулирования и реализации арендных отношений с участием учреждений и органов УИС |e Учебное пособие |f Воронежский институт Федеральной службы исполнения наказаний России | |
| 205 | |a 1 | ||
| 210 | 1 | |a Воронеж |c Издательство «Строки» |d 2024 | |
| 215 | |a 80 с. | ||
| 330 | |a В пособии рассмотрены основные проблемы правового регулирования арендных отношений с участием учреждений и органов УИС раскрыты особенности заключения договора аренды для нужд УИС и проанализировано применение судебной практики при реализации арендных отношений для нужд УИС. Материал изложен с учетом действующего законодательства содержит контрольные вопросы для усвоения теоретического материала. Учебное пособие предназначено для обучающихся по направлению подготовки 40.03.01 Юриспруденция а также для тех кто интересуется проблемами гражданского права. | ||
| 333 | |a ВО - Бакалавриат | ||
| 606 | |a Право. Юридические науки |x Гражданское право |2 local | ||
| 608 | |a Учебное пособие |2 local | ||
| 675 | |a 347 |z rus | ||
| 686 | |a 67410 |2 rubbk | ||
| 686 | |a 40.03.01 |2 okso | ||
| 700 | 1 | |a Железнякова |b Е.А. |g Евгения Александровна |p Воронежский институт Федеральной службы исполнения наказаний России | |
| 801 | 0 | |a RU |b Общество с ограниченной ответственностью «ЗНАНИУМ» |c 20250120 |2 rusmarc | |
| 856 | 4 | |a znanium.ru |m ebs_support@infra-m.ru |n НИЦ ИНФРА-М |u https://znanium.ru/catalog/document?id=459820 | |
| 856 | 4 | 1 | |a znanium.ru |d /cover/2192 |f 2192287.jpg |q image/jpeg |u https://znanium.ru/cover/2192/2192287.jpg |